书目信息 |
| 题名: |
芦荟治疗与妙用
|
|
| 作者: | 陈玉明 主编 | |
| 分册: | ||
| 出版信息: | 北京 中国纺织工业出版社 2000.01 |
|
| 页数: | 371页 | |
| 开本: | 20cm | |
| 丛书名: | ||
| 单 册: | ||
| 中图分类: | S567.23 | |
| 科图分类: | ||
| 主题词: | 经济作物 | |
| 电子资源: | ||
| ISBN: | 7-5064-1733-2 | |
| 000 | 00714nam0 2200217 45 | |
| 001 | 0004070867 | |
| 005 | 20000407144821.0 | |
| 010 | @a7-5064-1733-2@d21.00元 | |
| 100 | @a20000407d2000 km y0chiy0120 ea | |
| 101 | 0 | @achi |
| 105 | @a z 000yy | |
| 200 | 1 | @a芦荟治疗与妙用@ALu Hui Zhi Liao Yu Miao Yong@e千年极品科学运用@EQian Nian Ji Pin Ke Xue Yun Yong@f陈玉明 主编@FChen Yu Ming Zhu Bian |
| 210 | @a北京@c中国纺织工业出版社@d2000.01 | |
| 215 | @a371页@c图@d20cm | |
| 300 | @a认识.运用.栽培 | |
| 517 | @a千年极品科学运用@AQian Nian Ji Pin Ke Xue Yun Yong | |
| 606 | 0 | @a经济作物 |
| 690 | @aS567.23@v3 | |
| 701 | 0 | @a陈玉明@4主编 |
| 801 | @aCN@bPftUser@c20000407 | |
| 905 | @aBZT@b71157-158@dS567.23@e2@f2 | |
| 芦荟治疗与妙用:千年极品科学运用/陈玉明 主编.-北京:中国纺织工业出版社,2000.01 |
| 371页:图;20cm |
| 认识.运用.栽培 |
| ISBN 7-5064-1733-2:21.00元 |
| ● |
| 相关链接 |
|
|
|
正题名:芦荟治疗与妙用
索取号:S567.23/2
 
预约/预借
| 序号 | 登录号 | 条形码 | 馆藏地/架位号 | 状态 | 备注 |
| 1 | 71157 | 200721772 | 中心书库中库/ 中库033架A面8列1层12/ [索取号:S567.23/2] | 在馆 | |
| 2 | 71158 | 200721754 | 中心书库中库/ 中库033架A面8列1层11/ [索取号:S567.23/2] | 在馆 |